[Event "AUTO-ADV-4702"]
[Site "http://www.queenalice.com/game.php?id=1812542"]
[Date "2023.5.26"]
[Round "1"]
[White "joatanvaz"]
[Black "clovis"]
[Result "0-1"]
[WhiteElo "1798"]
[BlackElo "1884"]

1. e4 e5 2. Nf3 Nc6 3. Bb5 f5 4. d3 fxe4 5. dxe4 Nf6 6. O-O Bc5 7. Nc3 d6 8. Bg5
O-O 9. Qe2 Bg4 10. Nd5 Kh8 11. Nxf6 gxf6 12. Bh6 Nd4 13. Qd1 Rg8 14. Bc4 Bxf3
0-1

[Event "AUTO-ADV-4702"]
[Site "http://www.queenalice.com/game.php?id=1812553"]
[Date "2023.5.26"]
[Round "1"]
[White "AranchiA12"]
[Black "joatanvaz"]
[Result "1-0"]
[WhiteElo "1980"]
[BlackElo "1782"]

1. e4 e5 2. f4 Nf6 3. fxe5 Nxe4 4. d4 Qh4+ 5. Ke2 Ng3+ 6. hxg3 Qxh1 7. Nh3 d5 8.
Nc3 Bxh3 9. gxh3 Qh2+ 10. Kf3 Bb4 11. Bf4 Bxc3 12. Bg2 Bxb2 13. Rb1 Bc3 14. g4
Qxf4+ 15. Kxf4 Ba5 16. Bxd5 Nc6 17. Rxb7 Nb4 18. Ke4 Rd8 19. c4 Nxd5 20. cxd5
Bb6 21. Qa4+ Ke7 22. d6+ Rxd6 23. exd6+ Kxd6 24. d5 Re8+ 25. Qxe8 1-0

[Event "AUTO-ADV-4702"]
[Site "http://www.queenalice.com/game.php?id=1812554"]
[Date "2023.5.26"]
[Round "1"]
[White "joatanvaz"]
[Black "AranchiA12"]
[Result "1-0"]
[WhiteElo "1752"]
[BlackElo "1982"]

1. e4 c5 2. Nf3 d6 3. d4 cxd4 4. Nxd4 Nf6 5. Nc3 a6 6. Be2 e6 7. Be3 Qc7 8. Qd2
Nc6 9. f3 Be7 10. O-O O-O 11. Kh1 Bd7 12. Rad1 b5 13. a3 Rfc8 14. Bd3 Rab8 15.
f4 b4 16. axb4 Nxb4 17. e5 dxe5 18. fxe5 Qxe5 19. Bf4 Qh5 20. Bxb8 Rxb8 21. h3
Nxd3 22. Qxd3 Bb5 23. Qg3 Bxf1 24. Qxb8+ Bf8 25. Rxf1 1-0

[Event "AUTO-ADV-4702"]
[Site "http://www.queenalice.com/game.php?id=1812561"]
[Date "2023.5.26"]
[Round "1"]
[White "joatanvaz"]
[Black "MMA34"]
[Result "0-1"]
[WhiteElo "1774"]
[BlackElo "1935"]

1. e4 c5 2. Nf3 d6 3. d4 cxd4 4. Nxd4 Nc6 5. Nc3 Nf6 6. Bb5 Bd7 7. O-O a6 8.
Nxc6 bxc6 9. Bd3 e5 10. Qe2 Be7 11. Bxa6 Qb6 12. Bd3 Bg4 13. Qe1 Nd7 14. Kh1 h5
15. a3 h4 16. h3 Be6 17. b4 g5 18. Be3 Qc7 19. Qd2 Rg8 20. Ne2 Nf8 21. c4 Ng6
22. Rfc1 Nf4 23. c5 d5 24. exd5 cxd5 25. Bb5+ Kf8 26. Qc2 Qb7 27. a4 d4 28. Nxf4
gxf4 29. Bd2 Qxg2# 0-1

[Event "AUTO-ADV-4702"]
[Site "http://www.queenalice.com/game.php?id=1812562"]
[Date "2023.5.26"]
[Round "1"]
[White "MMA34"]
[Black "joatanvaz"]
[Result "0-1"]
[WhiteElo "1908"]
[BlackElo "1777"]

1. e4 e5 2. Nf3 Nc6 3. Bb5 Nf6 4. O-O a6 5. Ba4 b5 6. Bb3 Na5 7. Re1 Nxb3 8.
axb3 Be7 9. Nxe5 O-O 10. d3 Bb7 11. Nf3 d6 12. Bg5 h6 13. Bh4 Qd7 14. Nbd2 d5
15. e5 Ng4 16. Bxe7 Qxe7 17. d4 h5 18. h3 Nh6 19. Nf1 c5 20. c3 cxd4 21. cxd4
Qb4 22. Qd3 g6 23. Rac1 Nf5 24. Red1 Rac8 25. Ne3 Rxc1 26. Rxc1 Rc8 27. Rxc8+
Bxc8 28. Nxd5 Qa5 29. b4 Qa1+ 30. Kh2 Qxb2 31. g4 Qxf2+ 32. Kh1 Ng3# 0-1

[Event "AUTO-ADV-4704"]
[Site "http://www.queenalice.com/game.php?id=1812956"]
[Date "2023.6.2"]
[Round "1"]
[White "joatanvaz"]
[Black "maurice916"]
[Result "0-1"]
[WhiteElo "1823"]
[BlackElo "1812"]

1. e4 c6 2. Nf3 d5 3. exd5 cxd5 4. d4 Nc6 5. Bb5 Bd7 6. Nc3 Nf6 7. O-O e6 8. Re1
Be7 9. Qe2 O-O 10. Bg5 a6 11. Bd3 Re8 12. Ne5 h6 13. Bxf6 Bxf6 0-1

[Event "AUTO-ADV-4704"]
[Site "http://www.queenalice.com/game.php?id=1812957"]
[Date "2023.6.2"]
[Round "1"]
[White "maurice916"]
[Black "joatanvaz"]
[Result "1-0"]
[WhiteElo "1794"]
[BlackElo "1841"]

1. c4 e5 2. Nc3 Nf6 3. d3 d5 4. cxd5 Bb4 5. e4 Nbd7 6. Nf3 O-O 7. Be2 Re8 8. O-O
Nb6 9. Bd2 Qe7 10. a3 Bd6 11. b4 h6 12. Rc1 Bg4 13. Nb5 1-0

[Event "AUTO-ADV-4704"]
[Site "http://www.queenalice.com/game.php?id=1812958"]
[Date "2023.6.2"]
[Round "1"]
[White "joatanvaz"]
[Black "kuntakinte"]
[Result "1-0"]
[WhiteElo "1775"]
[BlackElo "1624"]

1. e4 e5 2. Nf3 d6 3. Nc3 c6 4. Bc4 Be6 5. Bxe6 fxe6 6. d3 Be7 7. Be3 b5 8. O-O
b4 9. Ne2 c5 10. Ng3 Nf6 11. Qd2 O-O 12. Ng5 Qd7 13. b3 a5 14. c3 d5 15. exd5
exd5 16. f4 e4 17. d4 Na6 18. dxc5 Nxc5 19. Bxc5 Bxc5+ 20. Kh1 e3 21. Qd3 Rae8
22. c4 h6 23. Nf3 dxc4 24. Qxc4+ Qd5 25. Ne5 Qxc4 26. Nxc4 e2 27. Rfe1 Nd5 28.
Nxe2 Bf2 29. Red1 Nc3 30. Nxc3 bxc3 31. Rac1 Be1 32. Rxe1 Rxe1+ 33. Rxe1 c2 34.
g3 Rd8 35. Nb2 Rd2 36. Rc1 Re2 37. Kg1 h5 38. h4 Kh7 39. Kf1 Rh2 40. Ke1 Rg2 41.
Nc4 Rxg3 42. Rxc2 Rg4 43. Rh2 Rxf4 44. Nxa5 Re4+ 45. Kf2 Re5 46. Nc4 Rf5+ 47.
Kg3 Rf6 48. Rb2 Rg6+ 49. Kh3 Rf6 50. Rg2 Rf4 51. Nd6 Rf8 52. Ne4 Rf4 53. Ng5+
Kh8 54. Rg3 Rf2 55. Rf3 Rxf3+ 56. Nxf3 Kg8 57. Kg3 Kf7 58. Kf4 Ke6 59. Kg5 Kd5
60. Kxh5 Kc5 61. Kg6 1-0

[Event "AUTO-ADV-4704"]
[Site "http://www.queenalice.com/game.php?id=1812959"]
[Date "2023.6.2"]
[Round "1"]
[White "kuntakinte"]
[Black "joatanvaz"]
[Result "0-1"]
[WhiteElo "1715"]
[BlackElo "1782"]

1. e4 c5 2. Bc4 Nc6 3. Qf3 Nf6 4. c3 a6 5. Ne2 Ne5 6. Qg3 d6 7. h3 Nxc4 8. O-O
g6 9. d3 Ne5 10. f4 Nh5 11. Qe3 Nc6 12. d4 cxd4 13. Nxd4 Bg7 14. Qf3 O-O 15. f5
Ne5 16. Qe2 Ng3 17. Kh2 Nxe2 18. Rd1 Nxc1 19. Rxc1 Qb6 20. b3 Nd3 21. Rf1 Bxd4
22. Na3 Bxc3 23. Rab1 Be5+ 24. Kh1 Nf2+ 0-1

[Event "AUTO-ADV-4704"]
[Site "http://www.queenalice.com/game.php?id=1812960"]
[Date "2023.6.2"]
[Round "1"]
[White "joatanvaz"]
[Black "MMA34"]
[Result "1-0"]
[WhiteElo "1813"]
[BlackElo "1529"]

1. e4 c5 2. Nf3 d6 3. d4 cxd4 4. Nxd4 Nc6 5. Nc3 Nf6 6. Be3 Bg4 7. Qd2 e6 8. Bb5
Qc7 9. f3 Bh5 10. O-O-O a6 11. Bxc6+ bxc6 12. Qf2 Be7 13. Nde2 Rb8 14. Na4 Nd7
15. Nec3 Bg6 16. h4 h6 17. g4 d5 18. exd5 cxd5 19. Bd4 f6 20. f4 1-0

[Event "AUTO-ADV-4704"]
[Site "http://www.queenalice.com/game.php?id=1812961"]
[Date "2023.6.2"]
[Round "1"]
[White "MMA34"]
[Black "joatanvaz"]
[Result "0-1"]
[WhiteElo "1534"]
[BlackElo "1808"]

1. e4 c6 2. d4 d5 3. e5 Bf5 4. Bd3 Bg6 5. Nf3 e6 6. Bg5 Qb6 7. b3 Bb4+ 8. c3 Be7
9. Qc2 Nd7 10. h4 Bxd3 11. Qxd3 c5 12. Be3 cxd4 13. Bxd4 Qa5 14. Nbd2 Nh6 15. b4
Qc7 16. g3 O-O 17. a4 Rfc8 18. O-O Nf5 19. Rfc1 a6 20. a5 h6 0-1

[Event "AUTO-ADV-4712"]
[Site "http://www.queenalice.com/game.php?id=1815215"]
[Date "2023.6.29"]
[Round "1"]
[White "joatanvaz"]
[Black "mvson33"]
[Result "1-0"]
[WhiteElo "1795"]
[BlackElo "1765"]

1. e4 e5 2. Nf3 Nc6 3. Bc4 Bc5 4. d3 Nf6 5. Nbd2 O-O 6. O-O d6 7. a3 a6 8. Ba2
Qe7 9. Nb3 Ba7 10. Bg5 Bg4 11. h3 Bh5 12. Nbd2 Nd4 13. c3 Nc6 14. Re1 Rad8 15.
Qc2 Rfe8 16. Nf1 Qe6 17. Ng3 Qd7 18. Bxf6 gxf6 19. Nxh5 Qe7 20. Qd2 1-0

[Event "AUTO-ADV-4712"]
[Site "http://www.queenalice.com/game.php?id=1815216"]
[Date "2023.6.29"]
[Round "1"]
[White "mvson33"]
[Black "joatanvaz"]
[Result "0-1"]
[WhiteElo "1753"]
[BlackElo "1810"]

1. e4 c5 2. Nf3 Nc6 3. Bc4 e6 4. Nc3 a6 5. Be2 Qc7 6. O-O Nf6 7. d3 Be7 8. Bg5
O-O 9. d4 cxd4 10. Nxd4 d6 11. Nxc6 bxc6 12. Qd2 d5 13. exd5 cxd5 14. Bd3 Ng4
15. Bf4 Bd6 16. Bg3 Bxg3 17. hxg3 Bb7 18. Qg5 Ne5 19. Qe3 Nc4 20. Qc1 Rac8 21.
Rb1 Qc6 22. a3 Ne5 23. Qd2 Nxd3 24. cxd3 d4 0-1

[Event "AUTO-ADV-4712"]
[Site "http://www.queenalice.com/game.php?id=1815219"]
[Date "2023.6.29"]
[Round "1"]
[White "joatanvaz"]
[Black "Tonto"]
[Result "1-0"]
[WhiteElo "1818"]
[BlackElo "1833"]

1. e4 Nc6 2. Nf3 b6 3. Bc4 Nf6 4. Ng5 e6 5. d4 d5 6. exd5 e5 7. dxc6 Bb4+ 8. c3
Be7 9. Nxf7 Bg4 10. f3 Qc8 11. Nxh8 Be6 12. Qe2 e4 13. fxe4 a5 14. Bg5 Qd7 15.
Nd2 Qxc6 16. Bb5 Qxb5 17. Qxb5+ Bd7 18. Qe2 O-O-O 19. Bxf6 Bxf6 20. Qa6+ Kb8 21.
b4 axb4 22. cxb4 Bxd4 23. Nf7 Rf8 24. Ng5 Bxa1 25. Ke2 Bd4 26. Nxh7 Bg4+ 27. Nf3
Rh8 28. Ng5 Bc3 29. Qc4 Bf6 30. Ne6 Be5 31. Ke3 Bxf3 32. gxf3 Kb7 33. Rc1 Bxh2
34. Nxc7 g5 35. Qc6+ Kc8 36. Qa8+ 1-0

[Event "AUTO-ADV-4712"]
[Site "http://www.queenalice.com/game.php?id=1815220"]
[Date "2023.6.29"]
[Round "1"]
[White "Tonto"]
[Black "joatanvaz"]
[Result "1-0"]
[WhiteElo "1817"]
[BlackElo "1824"]

1. e4 c6 2. d4 d5 3. e5 Bf5 4. Nf3 e6 5. Be2 Nd7 6. Nc3 c5 7. O-O cxd4 8. Nxd4
Bg6 9. Bb5 Ne7 10. Na4 a6 11. Bxd7+ Kxd7 12. Nc5+ Kc8 13. Qe1 Nc6 14. Ncb3 Qc7
15. Qc3 Bb4 16. Qe3 Qxe5 17. Qxe5 Nxe5 18. c3 Be7 19. Bf4 Nc4 20. Bc1 Kd7 21.
Nd2 Nxd2 22. Bxd2 b5 23. a4 bxa4 24. Rxa4 Bc5 25. Nf3 Rhb8 26. Ne5+ Ke7 27. Nc6+
Kf6 28. Rf4+ Bf5 29. g4 e5 30. Rxf5+ 1-0

[Event "Let's Play Chess!"]
[Site "http://www.queenalice.com/game.php?id=1817457"]
[Date "2023.8.1"]
[Round "-"]
[White "Mlintz"]
[Black "joatanvaz"]
[Result "1-0"]
[WhiteElo "1874"]
[BlackElo "1772"]

1. d4 d5 2. c4 Nf6 3. Nc3 g6 4. Nf3 Bg7 5. cxd5 Nxd5 6. e4 Nxc3 7. bxc3 O-O 8.
Bc4 h6 9. O-O Nc6 10. Bb2 Bg4 11. h3 Bxf3 12. Qxf3 Na5 13. Bd3 e5 14. d5 c6 15.
dxc6 Nxc6 16. Bc4 Qe7 17. a4 Kh7 18. Bd5 Rac8 19. Rfd1 Qg5 20. Ba3 Rfd8 21. Qxf7
Qf4 22. Qxb7 Na5 23. Qxa7 Nc6 24. Qb7 Qf6 25. Bb4 Nxb4 26. Qxb4 Rf8 27. Rf1 Rb8
28. Qa3 Rfc8 29. c4 Bf8 30. Qd3 Bc5 31. a5 Bd4 32. Ra2 Qa6 33. Kh1 Rf8 34. Qd2
Rf4 35. f3 Rbf8 36. Rb1 h5 37. Qb4 Qf6 38. a6 Rxf3 39. Qe1 Qg5 40. gxf3 Rxf3 41.
Rh2 Re3 42. Rb7+ Kh6 43. Qf1 Ra3 44. Qf8# 1-0

[Event "Let's Play Chess!"]
[Site "http://www.queenalice.com/game.php?id=1817458"]
[Date "2023.8.1"]
[Round "-"]
[White "joatanvaz"]
[Black "Mlintz"]
[Result "0-1"]
[WhiteElo "1785"]
[BlackElo "1871"]

1. e4 e5 2. Nf3 Qe7 3. Bc4 g6 4. O-O Bg7 5. c3 c5 6. d4 d6 7. Nbd2 Nf6 8. Ng5
O-O 9. Bxf7+ Rxf7 10. Nxf7 Qxf7 11. d5 Nbd7 12. Re1 Nb6 13. Nf1 Bd7 14. Ng3 a5
15. Bg5 h6 16. Bd2 Nc8 17. Qc1 Kh7 18. f4 exf4 19. Bxf4 Qe7 20. Qd2 Nb6 21. e5
Nfxd5 22. exd6 Qf7 23. Be3 Nxe3 24. Kh1 Ned5 25. Rad1 Bc6 26. Ne4 Nc4 27. Qc1
Rf8 28. Rf1 Qe8 29. Nxc5 Rxf1+ 30. Rxf1 Nde3 31. Re1 Bxg2+ 32. Kg1 b6 33. Nd3
Bc6 34. b3 Qe4 0-1

[Event "AUTO-ADV-4721"]
[Site "http://www.queenalice.com/game.php?id=1818043"]
[Date "2023.8.4"]
[Round "1"]
[White "Anusha"]
[Black "joatanvaz"]
[Result "1-0"]
[WhiteElo "1732"]
[BlackElo "1742"]

1. c4 Nf6 2. g3 g6 3. Bg2 Bg7 4. Nc3 c5 5. Nf3 O-O 6. O-O Nc6 7. a3 a6 8. d3 d6
9. Rb1 Qc7 10. Bg5 Bd7 11. Nd2 h6 12. Bxf6 Bxf6 13. Nd5 Qc8 14. Nb6 Qc7 15. Nxa8
Rxa8 16. b4 cxb4 17. axb4 Bg7 18. Qc2 Nd4 19. Qd1 1-0

[Event "AUTO-ADV-4721"]
[Site "http://www.queenalice.com/game.php?id=1818044"]
[Date "2023.8.4"]
[Round "1"]
[White "joatanvaz"]
[Black "Anusha"]
[Result "0-1"]
[WhiteElo "1760"]
[BlackElo "1714"]

1. e4 e6 2. Nf3 d5 3. exd5 exd5 4. d4 Nc6 5. Be2 Bg4 6. c3 Bd6 7. Nbd2 Qd7 8.
O-O O-O-O 9. a4 Nge7 10. Ng5 Bxe2 11. Qxe2 Ng6 12. b4 Rde8 13. Qf3 Ref8 14. b5
Nce7 0-1